[Event "Guimaraes Open 2018"]
[Site "Guimaraes"]
[Date "2018.10.05"]
[Round "2"]
[White "Veiga, Jose Francisco Reis"]
[Black "Calzada Cruz, Osvaldo"]
[Result "1-0"]
[WhiteElo "2272"]
[BlackElo "1752"]
[Annotator "TA"]
[PlyCount "111"]
[EventDate "2018.10.04"]
[EventType "swiss"]
[EventCountry "POR"]
[SourceTitle "playchess.com"]
[Source "ChessBase"]
[SourceQuality "1"]

{[%evp 10,111,35,35,47,13,64,24,20,10,14,17,33,32,75,78,139,108,113,106,100,87,124,68,74,77,76,59,66,51,152,156,181,168,177,140,138,140,137,134,132,133,144,129,156,117,139,130,131,120,121,112,110,109,115,103,112,116,135,115,152,152,137,141,149,118,135,133,162,114,133,116,114,108,110,100,114,0,104,109,105,107,138,141,189,102,117,117,121,118,137,125,215,166,220,219,323,143,228,223,224,219,29969,29970]} 1. e4 e6 2. d4 d5 3. Nd2 c5 4. exd5 Qxd5 5. Ngf3 Nc6 6. Bc4 {LiveBook: 28 Games. C07: French Tarrasch: 3...c5, 4 Ngf3 and 4 exd5 Qxd5} Qh5 (6... Qd8 7. dxc5 Bxc5 8. O-O Nf6 9. Nb3 Qxd1 10. Rxd1 Be7 11. c3 Bd7 12. a4 O-O 13. a5 Rfd8 14. a6 bxa6 15. Rxa6 Rac8 16. Be2 Nd5 {½-½ (36) Friedel,J (2505)-Robson,R (2631) Saint Louis 2014}) 7. dxc5 Bxc5 (7... Nf6 $11) 8. Ne4 {White is slightly better.} (8. g4 $5 {[%cal Rg4h5]} Qxg4 9. Rg1 $16) 8... Nf6 $1 {[%cal Rf6e4]} 9. Nxc5 Qxc5 10. Qe2 Bd7 11. O-O $146 ({Predecessor:} 11. Be3 Qa5+ 12. c3 h6 13. O-O O-O {1-0 (41) Vajda,S (2365)-Dimitrijevic,A (2336) Budapest 2002}) 11... Na5 12. Bd3 $36 {[%mdl 2048] Keeping Black busy.} b6 (12... O-O $142) 13. Ne5 Nc6 14. Nxd7 Nxd7 15. c3 Nde5 16. Be4 (16. Bb5 $16 O-O 17. Be3) 16... Rc8 $14 17. Bf4 Ng6 18. Be3 Qe5 19. Qf3 Nce7 ({Better is} 19... Qc7 $14) 20. Bd4 $16 Qg5 21. Bxg7 Rg8 22. Bf6 Nh4 23. Bxg5 Nxf3+ 24. Bxf3 Rxg5 25. Rad1 Nf5 26. g3 h5 27. Rd3 h4 28. Rfd1 hxg3 29. hxg3 Rc7 30. Be4 Ke7 31. Kg2 Ng7 32. f4 Ra5 33. a3 Rb5 34. R1d2 Nh5 35. Bf3 Nf6 36. g4 Rbc5 37. Rd4 Ne8 38. Kg3 a5 39. a4 Rc4 40. Be2 Rxd4 41. Rxd4 {[%mdl 4096] Endgame KRB-KRN} Nd6 42. Bd3 Rc5 43. Be2 (43. Ba6 $16) 43... e5 (43... Rc7 $1 $11 {keeps the balance.}) 44. Rd1 exf4+ 45. Kxf4 f6 46. Rh1 Nc4 47. b3 ({White should play} 47. Rh7+ $18 Ke6 48. Rb7) 47... Nd2 48. Rh7+ Ke6 49. Rb7 Rxc3 50. Rxb6+ Kf7 (50... Ke7 $16) 51. Rb5 Ke6 {[#]} (51... Kg6 {was called for.} 52. b4 (52. Rxa5 Nxb3 53. Rd5 Nc5 $18) 52... axb4 53. Rxb4 Ra3) 52. b4 $1 $18 {[%cal Rb4a5]} ({Don't take} 52. Rxa5 $6 Nxb3 53. Ra8 Nd4) 52... Nb3 (52... axb4 $142 53. Rb6+ (53. Rxb4 Ra3 $16) 53... Ke7) 53. Rb6+ (53. bxa5 $18 {Black must now prevent Rxb3.} Nd4 54. Rb6+ Kd5 55. Bd1 (55. Rxf6 Nxe2+ 56. Kg5 Rc8 $11)) 53... Kf7 (53... Ke7 $16 54. Rb7+ Ke6 55. Rb6+ Ke7 56. bxa5 Nxa5) 54. bxa5 Nxa5 {[#]} 55. Bb5 $1 Rb3 $2 {[#]} (55... Rc2 $18 56. Ra6 Nb3) 56. Bc4+ $1 {[%mdl 512] Precision: White = 50%, Black = 39%.} 1-0

[Event "Guimaraes Open 2018"]
[Site "Guimaraes"]
[Date "2018.10.05"]
[Round "2"]
[White "Rego, Pedro Filipe Pinho"]
[Black "Ribeiro, Rodrigo Martins San"]
[Result "1-0"]
[WhiteElo "2251"]
[BlackElo "1726"]
[Annotator "TA"]
[PlyCount "221"]
[EventDate "2018.10.04"]
[EventType "swiss"]
[EventCountry "POR"]
[SourceTitle "playchess.com"]
[Source "ChessBase"]
[SourceQuality "1"]

{[%evp 16,220,-16,-22,14,10,14,6,31,-11,71,54,69,7,13,0,0,-27,-18,-20,-19,-28,-19,-22,-19,-39,-45,-65,-25,-36,-36,-60,-52,-81,-81,-91,-75,-132,-124,-158,-124,-129,-123,-178,-50,-58,-45,-50,-43,-50,-54,-59,-54,-47,-35,-37,-43,-71,-64,-69,-60,-45,0,0,0,0,0,0,0,0,0,0,4,0,1,0,0,0,0,0,0,0,0,0,0,0,0,0,0,0,0,0,0,0,0,0,0,0,0,0,0,0,0,0,0,0,0,0,0,0,0,0,0,0,0,0,0,0,0,0,0,0,0,0,0,0,0,0,0,0,0,0,0,0,8,0,0,0,0,0,0,0,0,0,0,0,0,0,0,0,0,0,0,0,0,0,0,0,0,0,0,0,0,0,0,0,0,0,0,0,29973,29975,29972,29976,29976,29977,29980,29980,29980,29981,29980,29981,29983,29984,29984,29985,29986,29987,29987,29988,29988,29989,29991,29988,29989,29989,29989,29990,29991,29992,29996,29997,29997,29998,29998,29999,29999]} 1. d4 d5 2. Bf4 Nf6 3. e3 e6 4. Bd3 Bd6 5. Bg5 (5. Bg3 O-O 6. Nd2 c5 7. c3 Qc7 8. Ngf3 Nbd7 9. Qc2 e5 10. dxe5 Nxe5 11. Nxe5 Bxe5 12. Nf3 Bxg3 13. hxg3 h6 14. c4 Be6 15. O-O Rfd8 16. Rac1 Rac8 17. cxd5 Nxd5 {½-½ (36) Vachier Lagrave,M (2779)-Dominguez Perez,L (2739) chess.com INT 2018}) 5... h6 6. Bh4 {D00: 1 d4 d5: Unusual lines} O-O 7. Nf3 Nbd7 8. Nbd2 c5 9. c3 {LiveBook: 30 Games} c4 10. Bc2 b5 11. e4 Be7 12. a4 $146 ({Predecessor:} 12. e5 Nh7 13. Bxe7 Qxe7 14. O-O Ng5 15. Nxg5 Qxg5 {1-0 (33) Gentner,W-Weber,D Weiler 1993}) 12... bxa4 (12... dxe4 $11 13. Nxe4 b4) 13. Rxa4 Bb7 {[%cal Rf6e4]} 14. Bxf6 (14. e5 $14 Nh5 15. g3) 14... Nxf6 $11 15. e5 Nd7 16. Qa1 Qb6 17. O-O Rfb8 $36 {[%mdl 2048] Black has the initiative.} 18. Rb1 Bc6 19. Ra6 Qc7 20. b3 cxb3 21. Rxb3 Rb7 22. Rxb7 Qxb7 23. h4 Bb5 24. Ra5 a6 25. Qb2 Qc6 26. Ra1 (26. c4 $142 Qb6 27. Qxb5 axb5 28. Rxa8+ Nb8 29. c5) 26... Rc8 $17 27. Rc1 Nb6 {[%cal Bd7b6,Bb6a4,Ba4c3][%mdl 32]} 28. h5 Kf8 29. Bb3 (29. Bd1 $17 {keeps fighting.}) 29... Ba4 (29... a5 $19 30. Qb1 Kg8) 30. Qc2 {[#] And now Qh7 would win.} Kg8 31. Bxa4 Nxa4 32. c4 dxc4 33. Qxc4 Qxc4 34. Rxc4 Rxc4 35. Nxc4 $15 {[%mdl 4096] Endgame KBN-KNN} Bb4 36. Nfd2 Nc3 37. Nb3 $1 Kf8 38. f3 a5 39. Nbxa5 Ne2+ 40. Kf2 Nxd4 41. Nb7 Nc6 42. Ke3 Ke7 43. Ke4 Nd8 44. Nxd8 Kxd8 $11 {KB-KN} 45. g4 {[%cal Bg2g4,Bg4g5][%mdl 32]} Ke7 46. f4 g6 47. Ne3 Bd2 48. Nc4 Bb4 49. g5 gxh5 50. gxh6 f5+ 51. Kf3 $1 {Threatening mate with h7.} Kf7 52. Nd6+ $1 Kg6 53. Ne8 Kxh6 {White must now prevent ...Kg6.} 54. Nc7 Kg6 {aiming for ...Kf7.} 55. Nxe6 Be7 56. Nd4 Bc5 57. Nc2 Be7 58. Ne1 Bb4 59. Ng2 {Nh4+ is the strong threat.} Kf7 60. Kg3 Be7 61. Ne3 Ke6 62. Nc2 Kd5 63. Kf3 Bh4 64. Ne3+ Ke6 65. Nf1 Kf7 66. Ne3 Ke6 67. Nc2 {Strongly threatening Nd4+.} Kf7 68. Nd4 Kg6 69. Ke3 Be7 70. Nb5 Bc5+ 71. Kf3 Bb4 72. Nc7 Bc5 73. Nd5 $1 Kf7 74. Kg3 Bd4 75. Nb4 Bc3 76. Nd3 Ba5 77. Kh4 Kg6 78. Nc5 Bd8+ 79. Kg3 Be7 80. Ne6 Kf7 81. Ng5+ Kg6 82. Nf3 Kf7 83. Nd4 Kg6 84. Nc6 Bc5 85. Nb8 Bb4 86. Nd7 Be1+ 87. Kf3 Kf7 88. Nf6 Kg6 89. Ke2 Bh4 90. Nd5 Bd8 91. e6 {Hoping for e7.} Bh4 92. Ke3 Bf6 $2 {[%mdl 8192] [#]} (92... Be1 $11) 93. e7 {White mates.} Bxe7 94. Nxe7+ {KN-KPP} Kf6 95. Nc6 Ke6 96. Nd4+ Kf6 97. Nf3 Ke6 98. Kd4 Kf6 99. Kd5 Kf7 100. Ke5 Kg6 101. Nh4+ Kh6 102. Kxf5 {KN-KP} Kg7 103. Ke6 Kf8 104. Kf6 Kg8 105. Ke7 Kh7 106. f5 Kg7 107. f6+ Kg8 108. f7+ Kh7 109. Kf6 Kh6 110. f8=Q+ Kh7 111. Qg7# {Precision: White = 63%, Black = 72%.} 1-0

[Event "Guimaraes Open 2018"]
[Site "Guimaraes"]
[Date "2018.10.05"]
[Round "2"]
[White "Pinho, Paulo Miguel Leitao"]
[Black "Barrento, Jorge Maria Lopes"]
[Result "1-0"]
[WhiteElo "2212"]
[BlackElo "1696"]
[Annotator "TA"]
[PlyCount "45"]
[EventDate "2018.10.04"]
[EventType "swiss"]
[EventCountry "POR"]
[SourceTitle "playchess.com"]
[Source "ChessBase"]
[SourceQuality "1"]

{[%evp 14,45,79,66,100,98,99,109,114,102,109,119,141,122,120,120,120,109,126,120,163,100,161,149,298,285,370,371,385,375,378,375,741,741]} 1. d4 {[%cal Bd2d4,Bd4e5][%mdl 32]} Nf6 2. c4 e5 3. dxe5 Ng4 4. Bf4 g5 5. Bg3 Bg7 6. Nf3 Nc6 7. h4 Ngxe5 {A52: Budapest Gambit} 8. Nxe5 {LiveBook: 37 Games} (8. hxg5 Nxf3+ 9. gxf3 Bxb2 10. Nd2 Qxg5 11. Bxc7 d6 12. Ne4 Bxa1 13. Nxd6+ Kd7 14. Ne4+ Kxc7 15. Qd6+ {½-½ (34) Shimanov,A (2633)-Durarbayli,V (2608) Merida 2016}) 8... Bxe5 9. Bxe5 Nxe5 {White is better.} 10. hxg5 $146 ({Predecessor:} 10. Qd4 Qf6 11. e3 g4 12. Nc3 g3 13. f3 Rg8 14. Be2 d6 15. Nd5 {1-0 (26) Rodi,L (2354)-Bandeira,T (2148) Cuiaba 2012}) 10... Qxg5 11. Nc3 d6 12. Nd5 Kd8 13. e3 h5 14. Qd4 {[#] Black must now prevent 0-0-0.} Rh6 15. O-O-O Nc6 16. Qd2 b6 17. Nf4 (17. Be2 $18) 17... Be6 (17... Bb7 $16) 18. Be2 Bg4 {[#]} (18... Kd7 $16 19. Bf3 Rah8) 19. Bxg4 $1 $18 Qxg4 20. Qd5 $1 {[%csl LRc6,LRf7,LRh5]} Kd7 21. Qxf7+ Ne7 22. Rxh5 Rxh5 $2 (22... Rah8) 23. Nxh5 {Precision: White = 84%, Black = 39%.} 1-0

[Event "Guimaraes Open 2018"]
[Site "Guimaraes"]
[Date "2018.10.05"]
[Round "2"]
[White "Fidalgo, Andre Neves"]
[Black "Santos, Jose Miguel Sereno"]
[Result "1/2-1/2"]
[WhiteElo "2180"]
[BlackElo "1706"]
[Annotator "TA"]
[PlyCount "115"]
[EventDate "2018.10.04"]
[EventType "swiss"]
[EventCountry "POR"]
[SourceTitle "playchess.com"]
[Source "ChessBase"]
[SourceQuality "1"]

{[%evp 12,115,2,0,28,27,21,13,16,19,27,18,29,1,-4,-6,-5,-3,33,29,28,39,36,29,22,41,48,50,54,7,6,6,10,0,0,-19,0,0,0,0,0,-4,0,0,25,25,30,30,30,30,39,44,39,33,34,34,39,32,32,33,41,41,37,3,3,-35,3,3,3,5,15,8,8,8,12,12,12,12,12,12,14,0,0,0,0,0,0,0,0,-8,-8,-8,-8,-8,0,-8,-8,-8,0,0,0,0,0,0,0,0]} 1. d4 Nf6 2. Nf3 c5 3. g3 e6 4. Bg2 d5 5. O-O Nc6 6. b3 Be7 {D02: 1 d4 d5 2 Nf3 sidelines, including 2...Nf6 3 g3 and 2...Nf6 3 Bf4} 7. Bb2 {LiveBook: 82 Games} b5 (7... cxd4 8. Nxd4 Bd7 9. Nd2 O-O 10. c4 Nxd4 11. Bxd4 Bc6 12. Rc1 Rc8 13. cxd5 Bxd5 14. Rxc8 Qxc8 15. e4 Bc6 16. Qc2 Bb5 17. Rc1 Qd7 18. Bb2 Rd8 19. Nc4 {0-1 (63) Edouard,R (2613)-Cornette,M (2611) chess.com INT 2018}) 8. dxc5 Bxc5 {White has an edge.} 9. Nbd2 O-O 10. c4 bxc4 11. bxc4 {Threatening Rc1.} Rb8 12. Bxf6 Qxf6 13. Nb3 Bb6 14. cxd5 exd5 15. Qxd5 Ba6 $146 16. Rfc1 Nb4 17. Qe5 $1 Qxe5 18. Nxe5 {[#] a3 is the strong threat.} Rbe8 19. Nd7 Rxe2 20. Nbc5 (20. Nxf8 {is interesting.} Bxf2+ 21. Kh1 Kxf8 22. Nc5 Be3 23. Bf1) 20... Bxc5 21. Nxc5 {Black must now prevent Bf1.} Rxa2 22. Rxa2 Nxa2 23. Re1 Bc4 24. Re7 a6 25. Rc7 {[#] Strongly threatening Nd7.} Bb5 26. Bd5 Nb4 27. Bb3 Nd3 28. Ne4 Ne5 29. Nd6 Nf3+ 30. Kg2 Ng5 31. h4 {[%mdl 1024] White has compensation.} Ne6 32. Re7 Bc6+ 33. Kh3 Nd8 34. h5 a5 {[%cal Ba6a5,Ba5a4][%mdl 32]} 35. f4 a4 36. Ba2 Bf3 37. g4 Bd1 38. Re3 Bb3 (38... Ne6 {keeps more tension.} 39. f5 Ng5+ 40. Kh4 h6 41. Rd3 Be2) 39. Bxb3 {The position is equal.} axb3 40. Rxb3 $11 {[%mdl 4096] Endgame KRN-KRN} f6 41. Kg3 Nf7 42. Ne4 f5 43. gxf5 {And now f6 would win.} Nh6 $1 44. f6 gxf6 45. Rb5 Kg7 46. f5 Rf7 47. Kf4 Ra7 48. Rb6 Ng8 49. Nc5 Ne7 50. Rb8 Nd5+ 51. Ke4 Nc3+ 52. Kf3 Nd5 53. Ne6+ Kh6 54. Ke4 Ne7 55. Rf8 Ra4+ 56. Kf3 Ra3+ 57. Ke4 Ra4+ 58. Kf3 {Precision: White = 67%, Black = 73%.} 1/2-1/2

[Event "Guimaraes Open 2018"]
[Site "Guimaraes"]
[Date "2018.10.05"]
[Round "2"]
[White "Ferreira, Hugo Miguel Da Cost"]
[Black "Monteiro, Paulo Alexandre Gom"]
[Result "1-0"]
[WhiteElo "2130"]
[BlackElo "1602"]
[Annotator "TA"]
[PlyCount "63"]
[EventDate "2018.10.04"]
[EventType "swiss"]
[EventCountry "POR"]
[SourceTitle "playchess.com"]
[Source "ChessBase"]
[SourceQuality "1"]

{[%evp 11,63,52,51,35,52,53,59,54,45,56,53,-26,-32,-31,-45,-28,-34,-124,-118,-96,-47,-126,-70,-83,-75,-70,-38,-15,-23,-94,-62,-49,0,0,79,87,270,269,583,593,599,566,568,564,1142,554,537,525,917,864,29975,5622,29987,29987]} 1. Nf3 Nf6 2. d4 c5 3. d5 e6 4. Nc3 d6 5. dxe6 fxe6 (5... Bxe6 6. e4 Be7 7. Bb5+ Nc6 8. O-O O-O 9. h3 d5 10. exd5 Nxd5 11. Nxd5 Qxd5 12. Qxd5 Bxd5 13. c3 {0-1 (28) Chadaev,N (2580)-Andreikin,D (2700) Astana 2012}) 6. e4 {A43: Schmid Benoni} Nc6 {LiveBook: 4 Games} 7. Bb5 Qc7 8. O-O {White is slightly better.} Bd7 9. Re1 $146 ({Predecessor:} 9. Bf4 Rd8 10. Qe2 Nd4 11. Nxd4 cxd4 12. Bxd7+ Qxd7 {0-1 (57) Fleischer,M (1938)-Funk,P (2202) Bad Blankenburg 2006}) 9... O-O-O 10. Bf4 a6 11. Bd3 (11. a4 $14) 11... h6 $11 12. h3 g5 13. Bh2 g4 14. hxg4 (14. e5 $15 gxf3 15. exf6) 14... Nxg4 $17 15. Bg3 Rg8 16. Ne2 (16. e5 $15 Ncxe5 17. Nxe5 Nxe5 18. Bxe5 dxe5 19. Qe2) 16... Be7 ({Black should try} 16... Bg7 $17 17. c3 Rdf8) 17. Nf4 $1 $15 {aiming for Bc4.} Nce5 18. Be2 Rdf8 19. Nxe5 Nxe5 20. Nd3 (20. b3 $11) 20... Nxd3 21. Qxd3 Qb6 22. Rad1 {[%cal Rg3d6]} Kc7 {[#]} (22... Rd8 $11) 23. c4 $1 $16 Be8 $2 {[#]} (23... e5 $16) 24. e5 $1 $18 {[%cal Re5d6]} dxe5 $2 (24... d5 {is more resistant.} 25. Qh7 Bf7 26. cxd5 (26. Qxh6 d4 $11) 26... Kb8) 25. Qh7 Bf7 26. Bxe5+ Kc8 27. Bf3 Bh4 28. Qe4 (28. Re3 $142) 28... Bh5 29. Bd6 Rf6 {White must now prevent ...Bxf3.} 30. Qxh4 Bxf3 31. Qxf6 Rxg2+ 32. Kf1 {Precision: White = 64%, Black = 35%.} 1-0

[Event "Guimaraes Open 2018"]
[Site "Guimaraes"]
[Date "2018.10.05"]
[Round "2"]
[White "Santos, Jose Guilherme Barr"]
[Black "Lemos, Artur Jorge Capela "]
[Result "1-0"]
[WhiteElo "2108"]
[BlackElo "1598"]
[Annotator "TA"]
[PlyCount "91"]
[EventDate "2018.10.04"]
[EventType "swiss"]
[EventCountry "POR"]
[SourceTitle "playchess.com"]
[Source "ChessBase"]
[SourceQuality "1"]

{[%evp 12,91,59,27,85,83,77,80,94,82,111,113,110,113,140,72,63,56,108,108,129,127,368,356,377,375,358,360,379,354,397,391,414,424,410,350,331,283,504,497,537,529,547,543,553,539,554,543,560,493,681,672,583,418,647,510,497,348,320,316,1222,475,1376,1210,1937,847,2295,2195,1978,1813,29989,29989,29988,5410,5410,5102,29993,29990,29995,29996,29996,29996]} 1. e4 e6 2. d4 d5 3. Nc3 Bb4 4. e5 c5 5. a3 cxd4 6. axb4 dxc3 7. bxc3 {LiveBook: 7 Games} Nc6 {C18: French: 3 Nc3 Bb4: Main line: 7 h4 and 7 Qg4} (7... Nd7 $11 {remains equal.}) (7... Qc7 8. Nf3 Ne7 9. Bd3 Nd7 10. O-O Nxe5 11. Bf4 Nxf3+ 12. Qxf3 e5 13. Bg3 f6 14. Qh5+ g6 15. Qh6 Kf7 16. Ra3 Bf5 {0-1 (47) Cuartas,J (2523)-Alarcon Casellas,R (2417) Montcada 2012}) 8. f4 $1 $16 Bd7 9. Nf3 Nge7 {White is better.} 10. Bd3 a5 $146 ({Predecessor:} 10... Rc8 11. Be3 a6 12. O-O Ng6 13. g3 Nce7 14. Bc5 Rxc5 15. bxc5 {1-0 (23) Thomassen,J (2006)-Tudvad,M Copenhagen 2006}) 11. b5 Na7 12. Qe2 $1 b6 13. Rg1 ({Better is} 13. O-O) 13... Qc7 14. Ra3 Qc5 {[#]} (14... f6 $14) 15. Rb3 $1 a4 {[#]} 16. Be3 $1 {[%cal Re3c5]} axb3 $2 (16... Qc7 $16 {is a better defense.} 17. Ra3 Nac8) 17. Bxc5 $18 b2 18. Kf2 bxc5 19. c4 dxc4 20. Bxc4 O-O 21. Rb1 Nac8 22. Rxb2 Nb6 23. Bd3 Ned5 24. g3 Rfc8 $2 (24... c4 25. Bxc4 Nc3) 25. c4 Nb4 26. Ng5 {[%cal Bf3g5,Bg5e4,Be4d6][%mdl 32]} g6 27. Ne4 Ra3 28. Rd2 Be8 29. Nd6 Rd8 30. Qf1 Rda8 31. Be4 Rd8 32. Qh3 Rxd6 (32... Nxc4 $142 33. Nxc4 Rxd2+ 34. Nxd2 Ra2) 33. Rxd6 Nxc4 34. Rd8 {Qh6 would kill now.} Ra2+ 35. Ke1 {White wants to mate with Qh6.} Kg7 $2 (35... Ra1+ 36. Rd1 Rxd1+ 37. Kxd1 Bxb5) 36. b6 (36. Qh4 $142) 36... Nxb6 (36... Ra1+ $142 37. Kf2 Ra2+ 38. Kg1 Ra1+ 39. Kf2 Ra2+ 40. Kg1 Bc6) 37. Rxe8 N6d5 38. Rc8 Nc2+ 39. Bxc2 Rxc2 40. Qh4 c4 41. Qd8 {[%csl Gc8][%cal Rd8f8]} Kh6 42. Qg5+ (42. g4 $142 Nxf4 43. Qh4+ Nh5 44. Rg8 Rg2 45. Kf1 Rxg4 46. Qxg4 f5 47. exf6) 42... Kg7 43. h4 {[%cal Bh2h4,Bh4h5][%mdl 32]} c3 44. h5 {[%csl Gg5][%cal Rh5h6] White mates.} h6 45. Qd8 {[%csl Gc8][%cal Rd8h8]} Rc1+ 46. Ke2 {Precision: White = 69%, Black = 19%.} 1-0

[Event "Guimaraes Open 2018"]
[Site "Guimaraes"]
[Date "2018.10.05"]
[Round "2"]
[White "Dias, Ricardo Pedro Cruz"]
[Black "Oliveira, Maria Alice Ramos M"]
[Result "1-0"]
[WhiteElo "2098"]
[BlackElo "1572"]
[Annotator "NA RC"]
[PlyCount "93"]
[EventDate "2018.10.04"]
[EventType "swiss"]
[EventCountry "POR"]
[SourceTitle "playchess.com"]
[Source "ChessBase"]
[SourceQuality "1"]
[TimeControl "5400+30"]

1. e4 {[%emt 0:00:00]} c5 {[%emt 0:07:23]} 2. Nf3 {[%emt 0:00:00]} e6 {[%emt 0:00:05]} 3. d4 {[%emt 0:00:00]} cxd4 {[%emt 0:00:07]} 4. Nxd4 {[%emt 0:00:04]} a6 {[%emt 0:00:07]} 5. Bd3 {[%emt 0:00:05]} Nf6 {[%emt 0:00:11]} 6. O-O {[%emt 0:00:09]} Qc7 {[%emt 0:00:09]} 7. Qe2 {[%emt 0:00:13]} d6 {[%emt 0:00:19]} 8. a4 {[%emt 0:00:38]} Be7 {[%emt 0:03:22]} 9. Nc3 {[%emt 0:00:14]} O-O {[%emt 0:02:54]} 10. Bd2 {[%emt 0:00:27]} Nbd7 {[%emt 0:01:52]} 11. Kh1 {[%emt 0:05:09]} b6 {[%emt 0:05:03]} 12. f4 {[%emt 0:00:11]} Bb7 {[%emt 0:00:40]} 13. Rf3 {[%emt 0:06:04]} Rfd8 {[%emt 0:19:04]} 14. Rh3 {[%emt 0:02:48]} Bf8 {[%emt 0:01:49]} 15. Nb3 {[%emt 0:15:24]} g6 {[%emt 0:14:44]} 16. Re1 {[%emt 0:08:25]} Bg7 {[%emt 0:05:16]} 17. Qf2 {[%emt 0:02:08]} Nc5 {[%emt 0:10:07]} 18. Nxc5 {[%emt 0:01:11]} bxc5 {[%emt 0:00:50]} 19. Qh4 {[%emt 0:13:19]} h5 {[%emt 0:12:31]} 20. b3 {[%emt 0:08:08]} Qc6 {[%emt 0:10:13]} 21. Rf3 {[%emt 0:02:52]} Nd7 {[%emt 0:01:43]} 22. Qf2 {[%emt 0:01:14]} Bd4 {[%emt 0:00:17]} 23. Qf1 {[%emt 0:00:09]} Qb6 {[%emt 0:01:21]} 24. Ne2 {[%emt 0:00:54]} Bg7 {[%emt 0:00:11]} 25. Bc3 {[%emt 0:00:05]} Nf6 {[%emt 0:00:47]} 26. Ng1 {[%emt 0:06:59]} Rac8 {[%emt 0:00:53]} 27. Qe2 {[%emt 0:01:23]} d5 {[%emt 0:00:47]} 28. Bxf6 {[%emt 0:00:03]} Bxf6 {[%emt 0:00:17]} 29. e5 {[%emt 0:00:04]} Bh4 {[%emt 0:00:35]} 30. g3 {[%emt 0:02:55]} Be7 {[%emt 0:00:19]} 31. Rff1 {[%emt 0:00:35]} Ra8 {[%emt 0:00:56]} 32. Nf3 {[%emt 0:00:17]} Bc6 {[%emt 0:00:24]} 33. h3 {[%emt 0:03:12]} Qb7 {[%emt 0:00:34]} 34. Kh2 {[%emt 0:00:02]} a5 {[%emt 0:00:33]} 35. Rb1 {[%emt 0:03:02]} Qb4 {[%emt 0:00:25]} 36. f5 {[%emt 0:09:09]} exf5 {[%emt 0:00:34]} 37. e6 {[%emt 0:00:01]} f6 {[%emt 0:00:24]} 38. Nh4 {[%emt 0:00:02]} Be8 {[%emt 0:00:37]} 39. Bb5 {[%emt 0:01:55]} Bxb5 {[%emt 0:00:26]} 40. axb5 {[%emt 0:00:01]} Kg7 {[%emt 0:00:33]} 41. Rf4 {[%emt 0:03:32]} Qc3 {[%emt 0:00:34]} 42. Rbf1 {[%emt 0:00:05]} Qe5 {[%emt 0:00:26]} 43. Qf2 {[%emt 0:02:21]} Qxe6 {[%emt 0:00:29]} 44. Re1 {[%emt 0:00:11]} Qf7 {[%emt 0:00:27]} 45. Rxf5 {[%emt 0:00:18]} g5 {[%emt 0:00:36]} 46. Rxg5+ {[%emt 0:00:32]} Kh6 {[%emt 0:00:34]} 47. Rxe7 {[%emt 0:00:18]} 1-0

[Event "Guimaraes Open 2018"]
[Site "Guimaraes"]
[Date "2018.10.05"]
[Round "2"]
[White "Fernandes, Joao Pedro Murtinho"]
[Black "Sora, Ricardo Jorge Pared"]
[Result "1-0"]
[WhiteElo "2052"]
[BlackElo "1356"]
[Annotator "NA RC"]
[PlyCount "45"]
[EventDate "2018.10.04"]
[EventType "swiss"]
[EventCountry "POR"]
[SourceTitle "playchess.com"]
[Source "ChessBase"]
[SourceQuality "1"]
[TimeControl "5400+30"]

1. e4 {[%emt 0:00:00]} c6 {[%emt 0:00:12]} 2. d4 {[%emt 0:00:00]} d5 {[%emt 0:00:05]} 3. e5 {[%emt 0:00:05]} Bf5 {[%emt 0:00:07]} 4. h4 {[%emt 0:00:06]} h6 {[%emt 0:00:52]} 5. g4 {[%emt 0:00:50]} Be4 {[%emt 0:00:06]} 6. f3 {[%emt 0:00:16]} Bh7 {[%emt 0:00:11]} 7. e6 {[%emt 0:00:51]} fxe6 {[%emt 0:16:18]} 8. Bd3 {[%emt 0:01:35]} Bxd3 {[%emt 0:00:10]} 9. Qxd3 {[%emt 0:00:05]} Qd6 {[%emt 0:09:58]} 10. Ne2 {[%emt 0:08:23]} Nf6 {[%emt 0:07:39]} 11. Bf4 {[%emt 0:03:55]} Qb4+ {[%emt 0:05:13]} 12. Nbc3 {[%emt 0:00:16]} Nbd7 {[%emt 0:08:56]} 13. Qg6+ {[%emt 0:05:25]} Kd8 {[%emt 0:03:11]} 14. O-O {[%emt 0:01:01]} c5 {[%emt 0:06:29]} 15. Be3 {[%emt 0:06:02]} cxd4 {[%emt 0:06:43]} 16. Nxd4 {[%emt 0:00:51]} Qxb2 {[%emt 0:01:27]} 17. Nxe6+ {[%emt 0:01:11]} Kc8 {[%emt 0:00:10]} 18. Bd4 {[%emt 0:05:06]} b6 {[%emt 0:02:17]} 19. a3 {[%emt 0:03:28]} Nc5 {[%emt 0:04:45]} 20. Rfb1 {[%emt 0:01:42]} Qxa1 {[%emt 0:00:14]} 21. Rxa1 {[%emt 0:00:05]} Nxe6 {[%emt 0:00:06]} 22. Qf5 {[%emt 0:00:21]} Kd7 {[%emt 0:00:44]} 23. Re1 {[%emt 0:00:07]} 1-0

[Event "Guimaraes Open 2018"]
[Site "Guimaraes"]
[Date "2018.10.05"]
[Round "2"]
[White "Sousa, Hugo Carneiro"]
[Black "Fedorchuk, Sergey A."]
[Result "0-1"]
[WhiteElo "2014"]
[BlackElo "2604"]
[Annotator "TA"]
[PlyCount "56"]
[EventDate "2018.10.04"]
[EventType "swiss"]
[EventCountry "POR"]
[SourceTitle "playchess.com"]
[Source "ChessBase"]
[SourceQuality "1"]

{[%evp 9,56,22,19,5,17,14,4,-18,-8,-11,-4,-22,-17,-12,-31,-22,-25,-41,-37,-72,-25,-25,-17,-126,-115,-107,-97,-103,-103,-142,-148,-145,-149,-122,-90,-106,-95,-74,-80,-170,-169,-170,-166,-209,-193,-203,-205,-340,-156]} 1. e4 c5 2. c3 d6 3. d4 Nf6 4. dxc5 Nc6 5. Qc2 dxc5 6. Be3 {B22: Sicilian: 2 c3} (6. Bf4 Nh5 7. Be3 e5 8. Qd1 Qxd1+ 9. Kxd1 f5 10. f3 fxe4 11. fxe4 Nf6 12. Nd2 Ng4 13. Ke2 Nxe3 14. Kxe3 {½-½ (69) Stevic,H (2607)-Jones,G (2650) Dubai 2014}) 6... e6 7. Be2 b6 8. h3 {The position is equal.} Bb7 9. Nf3 Qc7 10. Nbd2 Be7 11. O-O O-O {[%cal Bh8f8,Bf8d8,Bd8d7][%mdl 32]} 12. a4 h6 $146 ({Predecessor:} 12... Rfd8 13. Rfd1 Rac8 {½-½ (48) Shkuran,D (2425)-Cukrowski,F (2346) Lvov 2016}) 13. Nh2 Rfd8 14. f4 Rd7 15. Ng4 Nxg4 16. Bxg4 (16. hxg4 $11 {was the only way to keep the balance.} Na5 17. Bb5) 16... Ba6 $17 17. Rfe1 Bh4 18. Red1 Rad8 19. Bf3 e5 {aiming for ...Bd3.} 20. f5 Na5 {[%cal Bc6a5,Ba5b7,Bb7c5][%mdl 32]} 21. b3 Bd3 22. Qb2 c4 $36 {[%mdl 2048] Threatens to win with ...cxb3. Black is really pushing.} 23. b4 Nb7 24. Bf2 (24. Kh2 $17 {might work better.}) 24... Bxf2+ $19 25. Kxf2 {[#]} a5 $1 {[%cal Ra5b4] White must now prevent ...axb4.} 26. Nf1 axb4 27. Qxb4 Nc5 28. Ng3 {[#]} (28. a5 $142 bxa5 29. Qxa5) 28... Ra8 {Precision: White = 45%, Black = 68%.} (28... b5 $1 $19 {[%mdl 512]} 29. Kg1 (29. axb5 Qb6) 29... bxa4) 0-1